| 000 | 01039cam a22002774a 4500 | ||
|---|---|---|---|
| 001 | 15610984 | ||
| 003 | ARRUPE | ||
| 005 | 20150121020008.0 | ||
| 008 | 090204s2008 enk b 001 0 eng | ||
| 010 | _a 2009358919 | ||
| 020 | _a9780232527452 (pbk.) | ||
| 020 | _a0232527458 (pbk.) | ||
| 040 |
_aDLC _cDLC _dDLC |
||
| 050 | 0 | 0 |
_aBT115 _b.P7 K61 2008 |
| 100 | 1 |
_aKirwan, Michael. _96228 |
|
| 245 | 1 | 0 |
_aPolitical theology : _ba new introduction / _cMichael Kirwan. |
| 260 |
_aLondon : _bDarton, Longman & Todd, _c2008. |
||
| 300 |
_axiv, 221 p. ; _c22 cm. |
||
| 504 | _aIncludes bibliographical references (p. [201]-218). | ||
| 650 | 0 |
_aPolitical theology. _96229 |
|
| 650 | 0 |
_aChristianity and politics. _96230 |
|
| 856 | 4 | 1 |
_3Table of contents only _uhttp://www.loc.gov/catdir/toc/fy0904/2009358919.html |
| 906 |
_a7 _bcbc _corigres _d2 _encip _f20 _gy-gencatlg |
||
| 942 |
_2lcc _cMONOGRAPH _01 |
||
| 999 |
_c119428 _d119428 |
||